000 00378pab a2200157 454500
008 180718b1997 xxu||||| |||| 00| 0 eng d
100 _aJacobs, Scott H.
245 _aRegulatory reform: time for action
260 _c1997
300 _ap.5-9
362 _aJun-Jul
650 _aGovernment policy
650 _aEconomic planning
773 _aOECD Observer
909 _a34018
999 _c34018
_d34018